00501nam a2200181Ia 4500003000400000005001700004008004100021020001500062040000700077041000800084082002400092100004300116245005800159260003600217300001600253365001300269650003700282OSt20230320152450.0210423s2006 xx 000 0 und d a8131202828 cAL aeng a541.369 223bOTTJ aOTT (J Bevan);BOERIO-GOATES (Juliana). aChemical thermodynamics: principles and apllications. aNew DelhibAcademic Pressc2006 axix,664bPB b595cINR aPhysical & Theoretical Chemistry